| 000 | 00384nam a22001457a 4500 | ||
|---|---|---|---|
| 999 |
_c193667 _d193667 |
||
| 008 | 221107b ||||| |||| 00| 0 eng d | ||
| 082 | _a891.437-IND | ||
| 100 | _aSHEELA,INDRA | ||
| 245 |
_aWOMEN OF MY PAST _hENGLISH |
||
| 260 |
_aNEW DELHI _bA.I.C.B _cROHINI |
||
| 270 | _aA.I.C.B ,ROHINI NEW DELHI | ||
| 300 |
_a. _b. _c12X13 |
||
| 490 | _v1-5 | ||
| 942 |
_2ddc _cBRLEN _k891.437 _mIND |
||